Communicating and relating (Record no. 8664)

000 -LEADER
fixed length control field 00371 a2200133 4500
020 ## - INTERNATIONAL STANDARD BOOK NUMBER
International Standard Book Number 069711516X
040 ## - CATALOGING SOURCE
Original cataloging agency DLC
100 1# - MAIN ENTRY--PERSONAL NAME
Personal name Carr, Jacquelyn B.,
245 10 - TITLE STATEMENT
Title Communicating and relating
Statement of responsibility, etc. Jacquelyn B. Carr.
250 ## - EDITION STATEMENT
Edition statement 3rd ed.
260 ## - PUBLICATION, DISTRIBUTION, ETC.
Place of publication, distribution, etc. [Dubuque, IA] :
Name of publisher, distributor, etc. Wm. C. Brown Publishers,
Date of publication, distribution, etc. c1991.
300 ## - PHYSICAL DESCRIPTION
Extent xii, 379 p. :
Other physical details ill. ;
Dimensions 24 cm.
942 ## - ADDED ENTRY ELEMENTS (KOHA)
Koha item type Book
Call number prefix 651.7 CAR
Source of classification or shelving scheme
Holdings
Withdrawn status Lost status Damaged status Not for loan Collection code Permanent Location Current Location Shelving location Date acquired Source of acquisition Total Checkouts Full call number Barcode Date last seen Price effective from Koha item type
          Central Library (CL) Central Library (CL) General Stacks 02/11/2002 Donation   651.7 CAR SEECS001804 11/14/2012 01/05/2017 Book
© 2023 Central Library, National University of Sciences and Technology. All Rights Reserved.